000 00553nam a2200205Ia 4500
003 OSt
005 20230515113000.0
008 210423s1990 xx 000 0 und d
040 _cAL
041 _aeng
082 _a305.5
_223
_bSINW
100 _aSINGH (Musafir);others
_9103660
245 _aWorking children in bombay a study
260 _aKottaym
_bOxford University Press
_c1990
365 _b50
_cINR
650 _aSocial Classes
_9103661
650 _aSociology
_9103662
906 _abombay ; children ; study ; Working
942 _2ddc
_cBK
999 _c172060
_d172060